| 000 | 00468nam a2200193Ia 4500 | ||
|---|---|---|---|
| 008 | 220531s9999 xx 000 0 und d | ||
| 041 | _aeng | ||
| 082 | _bBHA | ||
| 100 |
_aBhagat, C. _963394 |
||
| 245 | _aHalf Girlfriend | ||
| 250 | _a1ST | ||
| 260 |
_aNew Delhi _bRupa Publication _c2014 |
||
| 300 | _a260 | ||
| 542 | _d05-12-2014 | ||
| 551 |
_aEnglish _bGrantable-ENG |
||
| 650 |
_aGeneral _963395 |
||
| 906 |
_d2014-2015 _f3487 |
||
| 999 |
_c36011 _d36011 |
||